| 000 | 01627nam a22003855i 4500 | ||
|---|---|---|---|
| 999 |
_c12884 _d12884 |
||
| 001 | 14770513 | ||
| 003 | EG-ScBUE | ||
| 005 | 20191218121611.0 | ||
| 008 | 070315s2006 enka f d 000 0 eng d | ||
| 020 | _a9780230035386 | ||
| 040 |
_aEG-ScBUE _beng _erda _cEG-ScBUE _dEG-ScBUE |
||
| 082 | 0 | 4 |
_a428.34 _bMAN _222 |
| 100 | 1 |
_aMann, Malcolm, _eauthor. _99253 |
|
| 245 | 1 | 0 |
_aDestination B2 : _bgrammar & vocabulary / _cMalcolm Mann, Steve Taylore-Knowles. |
| 246 | 3 | 4 |
_aDestinations B2 : _bgrammar and vocabulary with answer key |
| 246 | 3 |
_aDestination B2 : _bgrammar and vocabulary |
|
| 264 | 1 |
_aOxford : _bMacmillan Education, _c2006. |
|
| 300 |
_a254 pages : _billustrations ; _c28 cm |
||
| 336 |
_2rdacontent _atext _btxt |
||
| 337 |
_2rdamedia _aunmediated _bn |
||
| 338 |
_2rdacarrier _avolume _bnc |
||
| 500 | _aIncludes glossary. | ||
| 500 | _aSuitable for the updated FCE exam. | ||
| 520 | _aDestination B2: Grammar and Vocabulary is the ideal grammar and vocabulary practice book for all students preparing to take any B2 level exam: e.g. Cambridge FCE. | ||
| 590 | _aHAGER | ||
| 650 | 7 |
_aEnglish language _xGrammar _vProblems, exercises etc. _2BUEsh _99254 |
|
| 650 | 7 |
_aEnglish language _xSentences _vProblems, exercises, etc. _2BUEsh _99255 |
|
| 650 | 7 |
_aEnglish language _xStudy and teaching. _vForeign speakers _2BUEsh |
|
| 650 | 7 |
_aReport writing _vProblems, exercises, etc. _2BUEsh _99256 |
|
| 653 |
_bHHUUEENN _cDecember2019 |
||
| 655 | _vReading book | ||
| 700 | 1 |
_aTaylore-Knowles, Steve, _eauthor. _99258 |
|
| 942 |
_2ddc _cBB |
||